[Event "FICGS class C 000180 email"]
[Site "FICGS email"]
[Date "2011.08.29"]
[Round "1"]
[White "Banta, Jeremy"]
[Black "Kepinski, Janusz"]
[Result "0-1"]
[WhiteElo "1715"]
[BlackElo "1706"]
[PlyCount "26"]
[EventDate "2011.??.??"]
[EventType "tourn (corr)"]
[EventRounds "1"]
[SourceTitle "Corr 2013"]
[Source "ChessBase"]
[SourceDate "2012.11.12"]
[SourceVersion "1"]
[SourceVersionDate "2012.11.12"]
[SourceQuality "1"]

1. d4 d5 2. Nf3 Nf6 3. c4 e6 4. Nc3 Bb4 5. Bg5 h6 6. Bh4 0-0 7. e3 Bxc3+ 8. bxc3 c5 9. Bd3 Nbd7 10. 0-0 Qc7 11. Bg3 Qd8 12. Qb3 dxc4 13. Bxc4 cxd4 0-1

[Event "FICGS class C 000180 email"]
[Site "FICGS email"]
[Date "2011.08.29"]
[Round "1"]
[White "Banta, Jeremy"]
[Black "Ward, David J"]
[Result "0-1"]
[WhiteElo "1715"]
[BlackElo "1750"]
[PlyCount "20"]
[EventDate "2011.??.??"]
[EventType "tourn (corr)"]
[EventRounds "1"]
[SourceTitle "Corr 2013"]
[Source "ChessBase"]
[SourceDate "2012.11.12"]
[SourceVersion "1"]
[SourceVersionDate "2012.11.12"]
[SourceQuality "1"]

1. e4 e5 2. Nf3 Nc6 3. Bb5 a6 4. Ba4 Nf6 5. 0-0 b5 6. Bb3 Bb7 7. Re1 Bc5 8. c3 d6 9. d4 Bb6 10. Bg5 h6 0-1

[Event "FICGS class C 000180 email"]
[Site "FICGS email"]
[Date "2011.08.29"]
[Round "1"]
[White "Huntley, Theron"]
[Black "Banta, Jeremy"]
[Result "1-0"]
[WhiteElo "1726"]
[BlackElo "1715"]
[PlyCount "25"]
[EventDate "2011.??.??"]
[EventType "tourn (corr)"]
[EventRounds "1"]
[SourceTitle "Corr 2013"]
[Source "ChessBase"]
[SourceDate "2012.11.12"]
[SourceVersion "1"]
[SourceVersionDate "2012.11.12"]
[SourceQuality "1"]

1. e4 c5 2. Nf3 d6 3. d4 cxd4 4. Nxd4 Nf6 5. Nc3 a6 6. Be3 e5 7. Nb3 Be7 8. f3 Nc6 9. Be2 0-0 10. 0-0 b6 11. Qd2 Qc7 12. Na4 b5 13. Nb6 1-0